[Event "DEM U12w 2022"]
[Site "Willingen GER"]
[Date "2022.06.08"]
[Round "5"]
[White "Chandrasekher, Ritu"]
[Black "Schwarzfischer, Julia"]
[Result "1-0"]
[Termination "normal"]
[Board "11"]
[WhiteElo "1312"]
[BlackElo "1368"]
[WhiteClock "00:18:39"]
[BlackClock "00:52:30"]
[PlyCount "93"]
[WhiteFideId "34609024"]
[BlackFideId "16268105"]
[EventCountry "GER"]
[EventRounds "9"]
[EventType "swiss"]
[EventDate "2022.06.04"]

1. e4 {[%clk 01:30:57]} {[%emt 00:00:02]} e5 {[%clk 01:30:52]} {[%emt
00:00:09]} 2. Nf3 {[%clk 01:31:19]} {[%emt 00:00:08]} Nc6 {[%clk 01:31:18]}
{[%emt 00:00:05]} 3. Bc4 {[%clk 01:31:41]} {[%emt 00:00:07]} Bc5 {[%clk
01:31:44]} {[%emt 00:00:05]} 4. O-O {[%clk 01:31:46]} {[%emt 00:00:25]} Nf6
{[%clk 01:32:10]} {[%emt 00:00:04]} 5. d3 {[%clk 01:32:11]} {[%emt 00:00:04]}
d6 {[%clk 01:32:34]} {[%emt 00:00:06]} 6. c3 {[%clk 01:32:30]} {[%emt
00:00:10]} a6 {[%clk 01:33:02]} {[%emt 00:00:04]} 7. Bb3 {[%clk 01:32:34]}
{[%emt 00:00:25]} Ba7 {[%clk 01:33:24]} {[%emt 00:00:09]} 8. Nbd2 {[%clk
01:32:55]} {[%emt 00:00:08]} b5 {[%clk 01:33:20]} {[%emt 00:00:35]} 9. Re1
{[%clk 01:32:50]} {[%emt 00:00:34]} Ne7 {[%clk 01:33:21]} {[%emt 00:00:29]} 10.
Nf1 {[%clk 01:33:11]} {[%emt 00:00:09]} Ng6 {[%clk 01:33:38]} {[%emt 00:00:13]}
11. Ng3 {[%clk 01:33:25]} {[%emt 00:00:16]} Ng4 {[%clk 01:32:19]} {[%emt
00:01:50]} 12. Be3 {[%clk 01:32:52]} {[%emt 00:01:02]} Nxe3 {[%clk 01:32:03]}
{[%emt 00:00:46]} 13. fxe3 {[%clk 01:33:10]} {[%emt 00:00:13]} Bg4 {[%clk
01:31:31]} {[%emt 00:01:02]} 14. d4 {[%clk 01:32:05]} {[%emt 00:01:35]} Nh4
{[%clk 01:31:24]} {[%emt 00:00:37]} 15. Rf1 {[%clk 01:31:43]} {[%emt 00:00:52]}
Nxf3+ {[%clk 01:30:42]} {[%emt 00:01:11]} 16. gxf3 {[%clk 01:30:32]} {[%emt
00:01:41]} Bh3 {[%clk 01:31:00]} {[%emt 00:00:13]} 17. Rf2 {[%clk 01:30:02]}
{[%emt 00:01:00]} h5 {[%clk 01:31:06]} {[%emt 00:00:23]} 18. f4 {[%clk
01:27:54]} {[%emt 00:02:38]} c5 {[%clk 01:30:48]} {[%emt 00:00:49]} 19. fxe5
{[%clk 01:26:17]} {[%emt 00:02:06]} c4 {[%clk 01:31:08]} {[%emt 00:00:11]} 20.
Bc2 {[%clk 01:25:34]} {[%emt 00:01:12]} dxe5 {[%clk 01:31:13]} {[%emt
00:00:26]} 21. Qf3 {[%clk 01:24:06]} {[%emt 00:01:57]} Qd7 {[%clk 01:30:45]}
{[%emt 00:00:59]} 22. dxe5 {[%clk 01:22:16]} {[%emt 00:02:20]} Bg4 {[%clk
01:29:28]} {[%emt 00:01:47]} 23. Qf4 {[%clk 01:21:12]} {[%emt 00:01:34]} Bb8
{[%clk 01:28:41]} {[%emt 00:01:17]} 24. a4 {[%clk 01:19:35]} {[%emt 00:02:07]}
f6 {[%clk 01:23:58]} {[%emt 00:05:13]} 25. Rff1 {[%clk 01:18:26]} {[%emt
00:01:38]} Bh3 {[%clk 01:23:22]} {[%emt 00:01:06]} 26. Rfd1 {[%clk 01:17:40]}
{[%emt 00:01:16]} Qf7 {[%clk 01:23:14]} {[%emt 00:00:38]} 27. Qf2 {[%clk
01:13:43]} {[%emt 00:04:27]} Bxe5 {[%clk 01:19:30]} {[%emt 00:04:14]} 28. axb5
{[%clk 01:13:30]} {[%emt 00:00:43]} Qg6 {[%clk 01:19:37]} {[%emt 00:00:23]} 29.
Kh1 {[%clk 01:13:40]} {[%emt 00:00:20]} O-O {[%clk 01:18:29]} {[%emt 00:01:39]}
30. Rg1 {[%clk 01:11:20]} {[%emt 00:02:48]} Qh6 {[%clk 01:17:12]} {[%emt
00:01:48]} 31. Nf5 {[%clk 01:08:43]} {[%emt 00:03:07]} Bxf5 {[%clk 01:17:29]}
{[%emt 00:00:13]} 32. Qxf5 {[%clk 01:06:01]} {[%emt 00:03:12]} axb5 {[%clk
01:17:01]} {[%emt 00:00:59]} 33. Rad1 {[%clk 00:55:27]} {[%emt 00:11:04]} Ra2
{[%clk 01:15:18]} {[%emt 00:02:13]} 34. Rd7 {[%clk 00:47:41]} {[%emt 00:08:16]}
g5 {[%clk 01:15:21]} {[%emt 00:00:27]} 35. h4 {[%clk 00:37:19]} {[%emt
00:10:51]} g4 {[%clk 01:14:55]} {[%emt 00:00:56]} 36. Rb1 {[%clk 00:35:16]}
{[%emt 00:02:34]} Kh8 {[%clk 01:02:55]} {[%emt 00:12:29]} 37. Rb7 {[%clk
00:31:18]} {[%emt 00:04:29]} Ra5 {[%clk 01:00:47]} {[%emt 00:02:38]} 38. Rd1
{[%clk 00:29:50]} {[%emt 00:01:58]} Rg8 {[%clk 00:55:42]} {[%emt 00:05:34]} 39.
Rdd7 {[%clk 00:25:01]} {[%emt 00:05:19]} Ra1+ {[%clk 00:56:01]} {[%emt
00:00:12]} 40. Kg2 {[%clk 00:23:31]} {[%emt 00:01:59]} Rg1+ {[%clk 00:56:16]}
{[%emt 00:00:16]} 41. Kxg1 {[%clk 00:22:15]} {[%emt 00:01:43]} Qxe3+ {[%clk
00:56:35]} {[%emt 00:00:13]} 42. Kf1 {[%clk 00:20:47]} {[%emt 00:01:59]} Qh3+
{[%clk 00:56:22]} {[%emt 00:00:42]} 43. Ke2 {[%clk 00:18:47]} {[%emt 00:02:30]}
Qh2+ {[%clk 00:53:19]} {[%emt 00:03:32]} 44. Qf2 {[%clk 00:17:43]} {[%emt
00:01:34]} Qxf2+ {[%clk 00:53:07]} {[%emt 00:00:42]} 45. Kxf2 {[%clk 00:18:01]}
{[%emt 00:00:12]} Rb8 {[%clk 00:52:04]} {[%emt 00:01:34]} 46. Rxb8+ {[%clk
00:18:15]} {[%emt 00:00:15]} Bxb8 {[%clk 00:52:30]} {[%emt 00:00:05]} 47. Rd8+
{[%clk 00:18:39]} {[%emt 00:00:07]} 1-0

[Event "DEM U12w 2022"]
[Site "Willingen GER"]
[Date "2022.06.08"]
[Round "5"]
[White "Wolf, Anna"]
[Black "Schube, Theresa"]
[Result "0-1"]
[Termination "normal"]
[Board "12"]
[WhiteElo "1218"]
[BlackElo "1167"]
[WhiteClock "01:31:43"]
[BlackClock "00:02:25"]
[PlyCount "136"]
[WhiteFideId "34616993"]
[BlackFideId "34608800"]
[EventCountry "GER"]
[EventRounds "9"]
[EventType "swiss"]
[EventDate "2022.06.04"]

1. e4 {[%clk 01:30:58]} {[%emt 00:00:02]} e5 {[%clk 01:30:49]} {[%emt
00:00:11]} 2. Nf3 {[%clk 01:31:22]} {[%emt 00:00:06]} Nc6 {[%clk 01:30:44]}
{[%emt 00:00:35]} 3. Bc4 {[%clk 01:31:45]} {[%emt 00:00:07]} Bc5 {[%clk
01:30:36]} {[%emt 00:00:38]} 4. b4 {[%clk 01:32:09]} {[%emt 00:00:06]} Bxb4
{[%clk 01:30:39]} {[%emt 00:00:27]} 5. c3 {[%clk 01:32:30]} {[%emt 00:00:09]}
Ba5 {[%emt 00:01:04]} 6. d4 {[%clk 01:32:54]} d6 {[%clk 01:29:25]} {[%emt
00:01:16]} 7. Qb3 {[%clk 01:32:51]} {[%emt 00:00:33]} Qe7 {[%clk 01:27:17]}
{[%emt 00:02:38]} 8. d5 {[%clk 01:33:05]} {[%emt 00:00:17]} Nb8 {[%clk
01:24:39]} {[%emt 00:03:08]} 9. Qa4+ {[%clk 01:33:04]} {[%emt 00:00:31]} Qd7
{[%clk 01:16:55]} {[%emt 00:08:14]} 10. Qxa5 {[%clk 01:33:24]} {[%emt
00:00:10]} b6 {[%clk 01:16:20]} {[%emt 00:01:05]} 11. Qb5 {[%clk 01:32:55]}
{[%emt 00:00:59]} Nf6 {[%clk 01:14:04]} {[%emt 00:02:46]} 12. Bg5 {[%clk
01:32:51]} {[%emt 00:00:34]} Nxe4 {[%clk 01:11:43]} {[%emt 00:02:51]} 13. O-O
{[%clk 01:32:49]} {[%emt 00:00:31]} a6 {[%clk 00:58:24]} {[%emt 00:13:50]} 14.
Qxd7+ {[%clk 01:32:55]} {[%emt 00:00:23]} Nxd7 {[%clk 00:56:51]} {[%emt
00:02:03]} 15. Bd3 {[%clk 01:33:17]} {[%emt 00:00:08]} Ndc5 {[%clk 00:56:15]}
{[%emt 00:01:07]} 16. Bc2 {[%clk 01:33:13]} {[%emt 00:00:33]} Bd7 {[%clk
00:48:35]} {[%emt 00:08:11]} 17. Re1 {[%clk 01:28:35]} {[%emt 00:05:07]} f5
{[%clk 00:47:56]} {[%emt 00:01:09]} 18. g4 {[%clk 01:28:23]} {[%emt 00:00:42]}
h6 {[%clk 00:44:20]} {[%emt 00:04:06]} 19. Bc1 {[%clk 01:27:17]} {[%emt
00:01:37]} fxg4 {[%clk 00:39:49]} {[%emt 00:05:00]} 20. Nh4 {[%clk 01:27:02]}
{[%emt 00:00:45]} g5 {[%clk 00:37:55]} {[%emt 00:02:25]} 21. Ng2 {[%clk
01:27:21]} {[%emt 00:00:10]} Bf5 {[%clk 00:35:49]} {[%emt 00:02:36]} 22. h3
{[%clk 01:27:19]} {[%emt 00:00:32]} gxh3 {[%clk 00:31:52]} {[%emt 00:04:27]}
23. Ne3 {[%clk 01:27:29]} {[%emt 00:00:21]} Bh7 {[%clk 00:30:21]} {[%emt
00:02:00]} 24. Ng4 {[%clk 01:26:57]} {[%emt 00:01:01]} h5 {[%clk 00:28:31]}
{[%emt 00:02:21]} 25. f3 {[%clk 01:26:54]} {[%emt 00:00:33]} hxg4 {[%clk
00:25:31]} {[%emt 00:03:30]} 26. fxe4 {[%clk 01:27:14]} {[%emt 00:00:10]} Kd7
{[%clk 00:20:39]} {[%emt 00:05:24]} 27. Bxg5 {[%clk 01:27:34]} {[%emt
00:00:09]} Rhg8 {[%clk 00:19:44]} {[%emt 00:01:25]} 28. Bh4 {[%clk 01:27:34]}
{[%emt 00:00:29]} Rg7 {[%clk 00:18:28]} {[%emt 00:01:46]} 29. Nd2 {[%clk
01:27:41]} {[%emt 00:00:23]} g3 {[%clk 00:17:59]} {[%emt 00:00:59]} 30. Re3
{[%clk 01:27:20]} {[%emt 00:00:51]} Rag8 {[%clk 00:17:25]} {[%emt 00:01:05]}
31. Rae1 {[%clk 01:27:32]} {[%emt 00:00:17]} Rg4 {[%clk 00:17:03]} {[%emt
00:00:52]} 32. Nf3 {[%clk 01:27:17]} {[%emt 00:00:45]} Rf8 {[%clk 00:15:05]}
{[%emt 00:02:28]} 33. Bg5 {[%clk 01:26:29]} {[%emt 00:01:18]} Bxe4 {[%clk
00:13:56]} {[%emt 00:01:40]} 34. Bxe4 {[%clk 01:25:00]} {[%emt 00:01:57]} Nxe4
{[%clk 00:13:57]} {[%emt 00:00:30]} 35. Rxe4 {[%clk 01:25:08]} {[%emt
00:00:22]} Rxe4 {[%clk 00:14:12]} {[%emt 00:00:15]} 36. Rxe4 {[%clk 01:25:30]}
{[%emt 00:00:09]} Rxf3 {[%clk 00:14:34]} {[%emt 00:00:08]} 37. Rh4 {[%clk
01:25:02]} {[%emt 00:00:57]} Rxc3 {[%clk 00:12:59]} {[%emt 00:02:05]} 38. Rxh3
{[%clk 01:24:41]} {[%emt 00:00:51]} Rd3 {[%clk 00:12:45]} {[%emt 00:00:44]} 39.
Rh7+ {[%clk 01:24:55]} {[%emt 00:00:15]} Kc8 {[%clk 00:13:05]} {[%emt
00:00:12]} 40. Rh8+ {[%clk 01:25:07]} {[%emt 00:00:18]} Kb7 {[%clk 00:13:31]}
{[%emt 00:00:05]} 41. Kg2 {[%clk 01:25:17]} {[%emt 00:00:19]} Rxd5 {[%clk
00:13:36]} {[%emt 00:00:24]} 42. Kxg3 {[%clk 01:25:40]} {[%emt 00:00:06]} Rc5
{[%clk 00:12:27]} {[%emt 00:01:41]} 43. Rh7 {[%clk 01:26:02]} {[%emt 00:00:08]}
a5 {[%clk 00:12:31]} {[%emt 00:00:26]} 44. Be7 {[%clk 01:26:20]} {[%emt
00:00:11]} Rc6 {[%clk 00:11:42]} {[%emt 00:01:19]} 45. Kf3 {[%clk 01:26:23]}
{[%emt 00:00:27]} b5 {[%clk 00:11:55]} {[%emt 00:00:19]} 46. Ke3 {[%clk
01:26:46]} {[%emt 00:00:06]} b4 {[%clk 00:11:59]} {[%emt 00:00:26]} 47. Kd3
{[%clk 01:27:10]} {[%emt 00:00:05]} Rc3+ {[%clk 00:11:49]} {[%emt 00:00:40]}
48. Ke4 {[%clk 01:27:31]} {[%emt 00:00:09]} Rc2 {[%clk 00:11:39]} {[%emt
00:00:40]} 49. Bxd6 {[%clk 01:27:50]} {[%emt 00:00:12]} Rxa2 {[%clk 00:11:26]}
{[%emt 00:00:43]} 50. Rxc7+ {[%clk 01:28:14]} {[%emt 00:00:06]} Kb6 {[%clk
00:11:33]} {[%emt 00:00:23]} 51. Rc8 {[%clk 01:28:35]} {[%emt 00:00:09]} Kb7
{[%clk 00:09:55]} {[%emt 00:02:08]} 52. Rb8+ {[%clk 01:28:55]} {[%emt
00:00:10]} Ka7 {[%emt 00:00:28]} 53. Rb5 {[%clk 01:29:17]} Ka6 {[%clk
00:09:44]} {[%emt 00:00:50]} 54. Rxe5 {[%clk 01:29:38]} {[%emt 00:00:09]} Re2+
{[%clk 00:10:01]} {[%emt 00:00:14]} 55. Kd3 {[%clk 01:29:41]} {[%emt 00:00:26]}
Rxe5 {[%clk 00:10:12]} {[%emt 00:00:20]} 56. Bxe5 {[%clk 01:30:06]} {[%emt
00:00:05]} Kb5 {[%clk 00:10:19]} {[%emt 00:00:22]} 57. Kc2 {[%clk 01:30:29]}
{[%emt 00:00:06]} Kc4 {[%clk 00:10:02]} {[%emt 00:00:48]} 58. Kb2 {[%clk
01:30:48]} {[%emt 00:00:12]} a4 {[%clk 00:10:12]} {[%emt 00:00:19]} 59. Ka2
{[%clk 01:30:49]} {[%emt 00:00:29]} Kd3 {[%clk 00:09:25]} {[%emt 00:01:17]} 60.
Bh8 {[%clk 01:31:06]} {[%emt 00:00:13]} Kc2 {[%clk 00:08:45]} {[%emt 00:01:10]}
61. Be5 {[%clk 01:30:41]} {[%emt 00:00:55]} a3 {[%clk 00:06:26]} {[%emt
00:02:49]} 62. Bd6 {[%clk 01:30:53]} {[%emt 00:00:18]} b3+ {[%clk 00:05:45]}
{[%emt 00:01:12]} 63. Kxa3 {[%clk 01:30:41]} {[%emt 00:00:41]} b2 {[%clk
00:05:56]} {[%emt 00:00:19]} 64. Bb4 {[%clk 01:30:40]} {[%emt 00:00:31]} b1=Q
{[%clk 00:06:10]} {[%emt 00:00:17]} 65. Ka4 {[%clk 01:31:01]} {[%emt 00:00:09]}
Qd1 {[%clk 00:05:47]} {[%emt 00:00:52]} 66. Ka5 {[%clk 01:31:16]} {[%emt
00:00:16]} Kb3 {[%clk 00:05:56]} {[%emt 00:00:21]} 67. Bc5 {[%clk 01:31:25]}
{[%emt 00:00:21]} Kc4 {[%clk 00:05:44]} {[%emt 00:00:42]} 68. Bb6 {[%clk
01:31:43]} {[%emt 00:00:11]} Qa1# {[%clk 00:02:25]} {[%emt 00:00:18]} 0-1

[Event "DEM U12w 2022"]
[Site "Willingen GER"]
[Date "2022.06.08"]
[Round "5"]
[White "Mehner, Clara"]
[Black "Janssen, Mareike"]
[Result "1-0"]
[Termination "normal"]
[Board "13"]
[WhiteElo "1056"]
[BlackElo "1022"]
[PlyCount "97"]
[WhiteFideId "34612165"]
[BlackFideId "34607145"]
[EventCountry "GER"]
[EventRounds "9"]
[EventType "swiss"]
[EventDate "2022.06.04"]

1. e4 e5 2. Nf3 Nc6 3. d4 exd4 4. Bc4 Bc5 5. c3 dxc3 6. Bxf7+ Kxf7 7. Qd5+ Ke8
8. Qh5+ g6 9. Qxc5 cxb2 10. Bxb2 Nf6 11. Nc3 d6 12. Qb5 a6 13. Qb3 Qe7 14. O-O
Qf7 15. Qa4 Bd7 16. Nd5 Nxd5 17. Bxh8 Ne5 18. Qb3 Nxf3+ 19. Qxf3 Qxf3 20. gxf3
Kf7 21. Bd4 Nf4 22. Rfe1 Ne6 23. Be3 Bb5 24. Reb1 b6 25. a4 Be2 26. Kg2 Nd8 27.
Rb2 Bd3 28. Rc1 Ne6 29. Rd2 Bxe4 30. fxe4 a5 31. f4 Kf6 32. Rc6 Rc8 33. Bxb6
Nxf4+ 34. Kf3 Ne6 35. Rdxd6 cxd6 36. Rxc8 Ng5+ 37. Ke3 Ke5 38. Bxa5 d5 39. Rc6
dxe4 40. Rc5+ Kf6 41. Bd8+ Ke6 42. Rxg5 Kd7 43. Kxe4 Kxd8 44. Rb5 Kc7 45. Kd5
h5 46. a5 Kd8 47. Rb7 Kc8 48. a6 g5 49. Kc6 1-0

[Event "DEM U12w 2022"]
[Site "Willingen GER"]
[Date "2022.06.08"]
[Round "5"]
[White "Will, Elina"]
[Black "Vasylenko, Nadeja"]
[Result "0-1"]
[Termination "normal"]
[Board "14"]
[WhiteElo "1333"]
[BlackElo "1305"]
[PlyCount "110"]
[WhiteFideId "34623434"]
[BlackFideId "34161457"]
[EventCountry "GER"]
[EventRounds "9"]
[EventType "swiss"]
[EventDate "2022.06.04"]

1. d4 Nf6 2. c4 g6 3. Nc3 Bg7 4. Nf3 d6 5. Bf4 O-O 6. e3 Nbd7 7. Be2 c5 8. O-O
a6 9. Qb3 Nh5 10. Bg3 b6 11. Rad1 Nxg3 12. fxg3 Qc7 13. Nd5 Qd8 14. a4 a5 15.
Qc3 Nf6 16. Qb3 Nxd5 17. cxd5 Qc7 18. Qb5 Ba6 19. Qc6 Qxc6 20. dxc6 Bxe2 21. d5
Bxf1 22. Kxf1 Rab8 23. b3 b5 24. e4 bxa4 25. bxa4 Rb4 26. e5 Bxe5 27. Nxe5 dxe5
28. d6 exd6 29. Rxd6 Rb6 30. Rd5 Rxc6 31. Rxe5 Ra8 32. Re3 c4 33. Rc3 Rb8 34.
Ke1 Rb3 35. Kd2 Rxc3 36. Kxc3 Kg7 37. h3 Kf6 38. g4 Ke5 39. g3 Kd5 40. h4 Rb6
41. h5 gxh5 42. gxh5 Rb3+ 43. Kc2 Kc5 44. g4 Kb4 45. g5 c3 46. h6 Rb2+ 47. Kc1
Kb3 48. Kd1 c2+ 49. Kc1 Rb1+ 50. Kd2 c1=Q+ 51. Kd3 Qc4+ 52. Ke3 Kxa4 53. Kf3
Rb3+ 54. Kf2 Qc2+ 55. Kf1 Rb1# 0-1

[Event "DEM U12w 2022"]
[Site "Willingen GER"]
[Date "2022.06.08"]
[Round "5"]
[White "Le, Thao-Linh"]
[Black "John, Linnea"]
[Result "1/2-1/2"]
[Termination "normal"]
[Board "15"]
[WhiteElo "1093"]
[BlackElo "1306"]
[PlyCount "62"]
[WhiteFideId "16279131"]
[BlackFideId "34623680"]
[EventCountry "GER"]
[EventRounds "9"]
[EventType "swiss"]
[EventDate "2022.06.04"]

1. e4 c5 2. d4 cxd4 3. c3 d3 4. Bxd3 Nc6 5. Nf3 d6 6. Be3 Nf6 7. c4 g6 8. Nc3
Bg7 9. h3 O-O 10. O-O b6 11. Qd2 Bb7 12. Rfd1 Rc8 13. Bf4 Nd7 14. Bh6 Nc5 15.
Bc2 Nb4 16. Bxg7 Kxg7 17. Bb3 Nc6 18. Re1 Na5 19. Bc2 Nc6 20. Nd5 e6 21. Ne3
Rc7 22. Ng4 Rh8 23. Qh6+ Kg8 24. e5 Nxe5 25. Nfxe5 dxe5 26. Rad1 Qe7 27. Re2
Rd7 28. Rxd7 Nxd7 29. Rd2 Nf6 30. Qh4 Kg7 31. Qh6+ Kg8 1/2-1/2

[Event "DEM U12w 2022"]
[Site "Willingen GER"]
[Date "2022.06.08"]
[Round "5"]
[White "Zhou, Jenny"]
[Black "Rafikova, Ailin"]
[Result "1/2-1/2"]
[Termination "normal"]
[Board "16"]
[WhiteElo "1272"]
[BlackElo "1273"]
[PlyCount "50"]
[WhiteFideId "16280229"]
[BlackFideId "34612173"]
[EventCountry "GER"]
[EventRounds "9"]
[EventType "swiss"]
[EventDate "2022.06.04"]

1. e4 c6 2. d4 d5 3. e5 Bf5 4. Nf3 e6 5. Be2 Ne7 6. O-O Ng6 7. Be3 Nd7 8. Nbd2
Be7 9. c4 O-O 10. Qb3 Rb8 11. Bd3 Bxd3 12. Qxd3 a6 13. Rac1 Qb6 14. c5 Qc7 15.
Rfe1 f6 16. exf6 Bxf6 17. Bg5 e5 18. Qb3 Kh8 19. Bxf6 Rxf6 20. Nf1 e4 21. Ng5
Qf4 22. Nh3 Qg4 23. Ng3 Nh4 24. Kh1 Rbf8 25. Qxb7 Nf3 1/2-1/2

[Event "DEM U12w 2022"]
[Site "Willingen GER"]
[Date "2022.06.08"]
[Round "5"]
[White "Nalam, Mokshadha"]
[Black "Zhou, Leyi Charlotte"]
[Result "0-1"]
[Termination "normal"]
[Board "17"]
[WhiteElo "1185"]
[BlackElo "1315"]
[PlyCount "74"]
[WhiteFideId "34623566"]
[BlackFideId "16258100"]
[EventCountry "GER"]
[EventRounds "9"]
[EventType "swiss"]
[EventDate "2022.06.04"]

1. e4 e5 2. Nf3 Nc6 3. Bc4 Nf6 4. d4 exd4 5. e5 d5 6. Bb5 Ne4 7. Nxd4 Bd7 8.
Bxc6 bxc6 9. O-O Bc5 10. f3 Ng5 11. f4 Ne4 12. Be3 Bb6 13. Nc3 O-O 14. Qf3 Bxd4
15. Bxd4 Nd2 16. Qg3 Nxf1 17. Rxf1 Bf5 18. Rf2 Re8 19. e6 f6 20. Nd1 Rxe6 21.
Ne3 Be4 22. f5 Re8 23. b4 Qd6 24. Qg4 a5 25. Rf4 axb4 26. Qh4 c5 27. Bb2 Rxa2
28. Qh5 g6 29. Rg4 Rxb2 30. fxg6 Bxg6 31. Nf5 Qe5 32. Rxg6+ Kh8 33. g3 Qe1+ 34.
Kg2 Rxc2+ 35. Kh3 Qf1+ 36. Kh4 Rxh2+ 37. Kg4 Re4# 0-1

[Event "DEM U12w 2022"]
[Site "Willingen GER"]
[Date "2022.06.08"]
[Round "5"]
[White "Fomenkova, Elina"]
[Black "Mader, Theresa"]
[Result "1/2-1/2"]
[Termination "normal"]
[Board "18"]
[WhiteElo "933"]
[BlackElo "1339"]
[PlyCount "95"]
[WhiteFideId "34623760"]
[BlackFideId "34605657"]
[EventCountry "GER"]
[EventRounds "9"]
[EventType "swiss"]
[EventDate "2022.06.04"]

1. e4 c6 2. Nc3 d5 3. Nf3 Bg4 4. d4 e6 5. Be2 Nd7 6. Bf4 Rc8 7. O-O c5 8. Ne5
Bxe2 9. Nxe2 Ngf6 10. f3 cxd4 11. Nxd4 Qb6 12. Kh1 Be7 13. Rb1 O-O 14. Ng4 dxe4
15. c3 exf3 16. Qxf3 Nxg4 17. Qxg4 e5 18. Qxd7 exd4 19. Qxe7 dxc3 20. bxc3 Qa5
21. Bd2 Qxa2 22. Bf4 Rxc3 23. Bd6 Rcc8 24. Rxb7 Qc4 25. Rbb1 a6 26. h3 a5 27.
Rbc1 Qa6 28. Rfe1 Qb5 29. Rc5 Qa4 30. Re4 Qe8 31. Rxa5 Qxe7 32. Rxe7 Rfd8 33.
Bc7 Rf8 34. Bf4 Rc4 35. Bd2 Rd4 36. Be3 Rd6 37. Rea7 Rdd8 38. Rb5 Rc8 39. Rab7
Rfe8 40. Bf4 h6 41. Bd2 Rc4 42. Rb4 Rxb4 43. Rxb4 Kh7 44. Bc3 f6 45. Rb7 Kg6
46. Rb4 Rc8 47. Bd2 Rc6 48. Rb7 1/2-1/2

[Event "DEM U12w 2022"]
[Site "Willingen GER"]
[Date "2022.06.08"]
[Round "5"]
[White "Milman, Sophie"]
[Black "Ignatova, Gabriela"]
[Result "1-0"]
[Termination "normal"]
[Board "19"]
[WhiteElo "1202"]
[BlackElo "1170"]
[PlyCount "85"]
[WhiteFideId "34608885"]
[BlackFideId "34623698"]
[EventCountry "GER"]
[EventRounds "9"]
[EventType "swiss"]
[EventDate "2022.06.04"]

1. e4 c5 2. Nf3 Nc6 3. d4 cxd4 4. Nxd4 g6 5. c4 Bg7 6. Be3 Nf6 7. Nc3 Ng4 8.
Qxg4 Nxd4 9. Qd1 e5 10. Bd3 O-O 11. O-O d6 12. Rc1 Be6 13. Qd2 Qh4 14. Bg5 Qg4
15. f3 Qh5 16. Ne2 f6 17. Be3 f5 18. Ng3 Qh4 19. Bg5 Bh6 20. Bxh6 f4 21. Bxf8
fxg3 22. hxg3 Qxg3 23. Bh6 Kf7 24. Qf2 Qxf2+ 25. Rxf2 Rc8 26. Be3 b5 27. Bxd4
exd4 28. Rfc2 bxc4 29. Bxc4 Rxc4 30. Rxc4 Bxc4 31. Rxc4 d3 32. Rd4 h5 33. Rxd6
a5 34. Rxd3 Kf6 35. Ra3 g5 36. Rxa5 h4 37. b4 Kg6 38. b5 Kh5 39. b6 h3 40. b7
Kh4 41. gxh3 Kxh3 42. b8=Q g4 43. Rh5# 1-0

[Event "DEM U12w 2022"]
[Site "Willingen GER"]
[Date "2022.06.08"]
[Round "5"]
[White "Mo, Keyou"]
[Black "Rössling, Laura Marie"]
[Result "1-0"]
[Termination "normal"]
[Board "20"]
[WhiteElo "1150"]
[BlackElo "1063"]
[PlyCount "105"]
[WhiteFideId "34623582"]
[BlackFideId "16289471"]
[EventCountry "GER"]
[EventRounds "9"]
[EventType "swiss"]
[EventDate "2022.06.04"]

1. e4 e5 2. Nf3 Nc6 3. Bc4 Bc5 4. O-O Nf6 5. d4 Bxd4 6. Nxd4 Nxd4 7. c3 Nc6 8.
Bg5 h6 9. Bxf6 Qxf6 10. Qd2 d6 11. f4 O-O 12. Qe3 Be6 13. Nd2 Bxc4 14. Nxc4
exf4 15. Rxf4 Qe6 16. b3 Ne5 17. Nxe5 dxe5 18. Rf3 b6 19. Rd1 Rad8 20. Rff1 Rd7
21. Rd2 Rfd8 22. Rfd1 Rxd2 23. Rxd2 Rxd2 24. Qxd2 Qc6 25. Qd3 Qc5+ 26. Kh1 Qf2
27. Qb1 c5 28. c4 b5 29. cxb5 Qe2 30. a4 c4 31. bxc4 Qxc4 32. a5 Qc8 33. b6
axb6 34. axb6 Qb7 35. h3 f6 36. Qa2+ Kh7 37. Qa7 Qxe4 38. b7 Qe1+ 39. Kh2 Qe4
40. b8=Q Qf4+ 41. Kh1 Qf1+ 42. Qg1 Qf5 43. Qbb1 Qxb1 44. Qxb1+ e4 45. Qxe4+ f5
46. Qxf5+ g6 47. Qf7+ Kh8 48. Kh2 h5 49. Kg3 h4+ 50. Kg4 g5 51. Kh5 g4 52. Kg6
g3 53. Qg7# 1-0

[Event "DEM U12w 2022"]
[Site "Willingen GER"]
[Date "2022.06.08"]
[Round "5"]
[White "Abram, Kristina-Maria"]
[Black "Altmeyer, Hannah"]
[Result "1-0"]
[Termination "normal"]
[Board "21"]
[WhiteElo "1044"]
[BlackElo "754"]
[PlyCount "43"]
[WhiteFideId "16298349"]
[BlackFideId "34623892"]
[EventCountry "GER"]
[EventRounds "9"]
[EventType "swiss"]
[EventDate "2022.06.04"]

1. e4 e5 2. d4 Nc6 3. dxe5 Nxe5 4. Nf3 Nc6 5. Nc3 Bb4 6. Bd2 Nf6 7. Bc4 O-O 8.
Qe2 d6 9. h3 Bd7 10. O-O-O h6 11. g4 Bc5 12. g5 hxg5 13. Bxg5 Qe7 14. Nd5 Qd8
15. Nxf6+ gxf6 16. Bh6 Re8 17. Rhg1+ Kh7 18. Bg5 Kg6 19. Nh4+ Kg7 20. Bf4+ Kf8
21. Qh5 Re7 22. Qh8# 1-0